<?xml version="1.0" encoding="UTF-8"?>
<marc:record xmlns:marc="http://www.loc.gov/MARC21/slim">
   <marc:leader>00000nam a2200000 a 4500</marc:leader>
   <marc:datafield ind1="1" ind2=" " tag="100">
      <marc:subfield code="a">Tielmann, Christian</marc:subfield>
      <marc:subfield code="4">aut</marc:subfield>
      <marc:subfield code="e">Verfasser/-in</marc:subfield>
   </marc:datafield>
   <marc:datafield ind1="1" ind2=" " tag="100">
      <marc:subfield code="a">Ach, Philipp</marc:subfield>
      <marc:subfield code="4">ill</marc:subfield>
      <marc:subfield code="e">Illustrator/-in</marc:subfield>
   </marc:datafield>
   <marc:datafield ind1=" " ind2=" " tag="653">
      <marc:subfield code="a">Softcover / Kinder- und Jugendbücher/Erstlesealter</marc:subfield>
   </marc:datafield>
   <marc:datafield ind1=" " ind2=" " tag="653">
      <marc:subfield code="a">Vorschulalter</marc:subfield>
   </marc:datafield>
   <marc:datafield ind1=" " ind2=" " tag="653">
      <marc:subfield code="a">Action Erstlesebuch</marc:subfield>
   </marc:datafield>
   <marc:datafield ind1=" " ind2=" " tag="653">
      <marc:subfield code="a">Erstlesebücher ab 8</marc:subfield>
   </marc:datafield>
   <marc:datafield ind1=" " ind2=" " tag="653">
      <marc:subfield code="a">Leselöwen 3. Klasse</marc:subfield>
   </marc:datafield>
   <marc:datafield ind1=" " ind2=" " tag="653">
      <marc:subfield code="a">Lesen lernen Bücher</marc:subfield>
   </marc:datafield>
   <marc:datafield ind1=" " ind2=" " tag="653">
      <marc:subfield code="a">Monster Erstlesebuch</marc:subfield>
   </marc:datafield>
   <marc:datafield ind1=" " ind2=" " tag="653">
      <marc:subfield code="a">Schnell Lesen lernen</marc:subfield>
   </marc:datafield>
   <marc:datafield ind1=" " ind2=" " tag="653">
      <marc:subfield code="a">Leseanfänger Bücher</marc:subfield>
   </marc:datafield>
   <marc:datafield ind1=" " ind2=" " tag="653">
      <marc:subfield code="a">Pflanzen Erstlesebuch</marc:subfield>
   </marc:datafield>
   <marc:datafield ind1=" " ind2=" " tag="653">
      <marc:subfield code="a">3. Klasse Lesen lernen</marc:subfield>
   </marc:datafield>
   <marc:datafield ind1=" " ind2=" " tag="653">
      <marc:subfield code="a">Erstes Lesen Legasthenie</marc:subfield>
   </marc:datafield>
   <marc:datafield ind1=" " ind2=" " tag="653">
      <marc:subfield code="a">Grundschule Lesen lernen</marc:subfield>
   </marc:datafield>
   <marc:datafield ind1=" " ind2=" " tag="653">
      <marc:subfield code="a">Leseförderung 3. Klasse</marc:subfield>
   </marc:datafield>
   <marc:datafield ind1=" " ind2=" " tag="653">
      <marc:subfield code="a">Kinderbücher ab 8 Jahren</marc:subfield>
   </marc:datafield>
   <marc:datafield ind1=" " ind2=" " tag="653">
      <marc:subfield code="a">Geschenke für Schulkinder</marc:subfield>
   </marc:datafield>
   <marc:datafield ind1=" " ind2=" " tag="653">
      <marc:subfield code="a">Unterstützendes Lesen 3. Klasse</marc:subfield>
   </marc:datafield>
   <marc:datafield ind1=" " ind2=" " tag="653">
      <marc:subfield code="a">Geschenke für Kinder ab 8 Jahren</marc:subfield>
   </marc:datafield>
   <marc:datafield ind1=" " ind2=" " tag="653">
      <marc:subfield code="a">Erstlesebücher für Legastheniker</marc:subfield>
   </marc:datafield>
   <marc:datafield ind1=" " ind2=" " tag="653">
      <marc:subfield code="a">Erstlesealter</marc:subfield>
   </marc:datafield>
   <marc:datafield ind1="0" ind2="0" tag="245">
      <marc:subfield code="a">Leselöwen 3. Klasse - Die Monsterpflanze ist los!</marc:subfield>
   </marc:datafield>
   <marc:datafield ind1="0" ind2="0" tag="245">
      <marc:subfield code="b">Die Nr. 1 für den Leseerfolg - Mit Leselernschrift ABeZeh - Lesespaß für Kinder ab 8 Jahren</marc:subfield>
   </marc:datafield>
   <marc:datafield ind1="0" ind2="0" tag="245">
      <marc:subfield code="c">Christian Tielmann</marc:subfield>
   </marc:datafield>
   <marc:datafield ind1=" " ind2="1" tag="264">
      <marc:subfield code="a">Bindlach</marc:subfield>
      <marc:subfield code="b">Loewe</marc:subfield>
      <marc:subfield code="c">2026</marc:subfield>
   </marc:datafield>
   <marc:datafield ind1="1" ind2=" " tag="490">
      <marc:subfield code="a">Leselöwen 3. Klasse</marc:subfield>
   </marc:datafield>
   <marc:datafield ind1=" " ind2=" " tag="250">
      <marc:subfield code="a">1. Auflage</marc:subfield>
   </marc:datafield>
   <marc:datafield ind1="1" ind2=" " tag="520">
      <marc:subfield code="a">Loewe-Bücher: garantiert ohne KI
&lt;br&gt;
&lt;br&gt;
&lt;br&gt;
&lt;br&gt;
Henri und Elli verbringen die Ferien bei Oma und ihren magischen Pflanzen. Doch am Morgen ist Oma plötzlich verschwunden! Geflohen! Das behauptet zumindest der Dorfpolizist. Er verdächtigt sie, mit ihrer Monsterpflanze ins Museum eingebrochen zu sein. Aber ist Oma wirklich eine Kunstdiebin? Mithilfe der magischen Pflanzen machen sich Henri und Elli auf die Suche nach ihr – und nach dem wahren Täter.
&lt;br&gt;
&lt;br&gt;
&lt;br&gt;
&lt;br&gt;
Schenken Sie Ihrem Kind das bewährte Erfolgskonzept zum Lesenlernen
&lt;br&gt;
Lesenlernen ganz einfach - mit den Erstlesebüchern der Reihe Leselöwen für die 3. Klasse. Die Kinderbuch-Bestseller unterstützen mit vielen Extras das Textverständnis von Kindern ab 6 Jahren.
&lt;br&gt;
&lt;br&gt;
&lt;br&gt;
&lt;br&gt;
Ein spannender Krimi mit einem Hauch Magie.
&lt;br&gt;
&lt;br&gt;
Warum eignen sich die Leselöwen 3. Klasse so gut für Kinder, die noch ein bisschen Unterstützung beim Lesen brauchen?
&lt;br&gt;
Die coolen Geschichten zu spannenden Themen, kombiniert mit ganzseitigen Bildern, motivieren zum Selberlesen und die kurzen Texte sorgen für Erfolgserlebnisse.
&lt;br&gt;
Wie unterstützen die Leselöwen 3. Klasse das Textverständnis?
&lt;br&gt;
Die in der Geschichte markierten Begriffe werden am Ende des Buches erklärt und vermitteln zusätzliches Wissen. Das fördert spielerisch das Textverständnis und erweitert den Wortschatz.
&lt;br&gt;
Wie steigern die Leselöwen die Lesemotivation?
&lt;br&gt;
Spannende Themen und Geschichten machen Lust aufs Lesen, viele bunte Illustrationen sorgen für kurze Lesepausen und besonders viel Spaß und abwechslungsreiche Quizfragen auf Antolin sorgen für zusätzliche Lesemotivation.
&lt;br&gt;
Wieso sind die Leselöwen die Nr. 1 fürs Lesenlernen in Deutschland, Österreich und der Schweiz?
&lt;br&gt;
Die Leselöwen wurden von Lehrer*innen mitentwickelt und empfohlen und von Grundschüler*innen getestet. Seit über 50 Jahren lernen Kinder mit den Leselöwen erfolgreich lesen – mit inzwischen über 29 Millionen verkauften Exemplaren.
&lt;br&gt;
</marc:subfield>
   </marc:datafield>
   <marc:datafield ind1=" " ind2=" " tag="020">
      <marc:subfield code="a">9783743222687</marc:subfield>
      <marc:subfield code="9">9783743222687</marc:subfield>
   </marc:datafield>
   <marc:datafield ind1=" " ind2=" " tag="020">
      <marc:subfield code="a">374322268X</marc:subfield>
      <marc:subfield code="9">374322268X</marc:subfield>
   </marc:datafield>
   <marc:datafield ind1=" " ind2=" " tag="041">
      <marc:subfield code="a">ger</marc:subfield>
   </marc:datafield>
   <marc:datafield ind1=" " ind2=" " tag="300">
      <marc:subfield code="a">64 Seiten</marc:subfield>
   </marc:datafield>
</marc:record>
